| 000 | 01095nam a2200325 i 4500 | ||
|---|---|---|---|
| 001 | 6052 | ||
| 003 | KOSZ 005 | ||
| 005 | 20191002160613.0 | ||
| 008 | s1993 pl f |000 0 pol | ||
| 040 |
_cKOSZ 005 _aKOSZ 005 _dKOSZ 005/EG |
||
| 041 | _apol | ||
| 046 | _k1993 | ||
| 080 | _a332.74 | ||
| 080 | _a69.001.3 | ||
| 100 | 1 |
_aWinniczek, Wincenty _eAutor |
|
| 245 | 1 | 0 |
_aWycena budynków i budowli podejściem odtworzeniowym / _cWincenty Winniczek ; Centrum Usług Techniczno-Organizacyjnych Budownictwa CUTOB-PZITB Ośrodek we Wrocławiu. |
| 260 |
_aWrocław : _bCUTOB-PZITB, _c1993. |
||
| 300 |
_a145, [1] s. ; _c20 cm. |
||
| 336 |
_2rdacontent _aTekst _btxt |
||
| 337 |
_2rdamedia _aBez urządzenia pośredniczącego _bn |
||
| 338 |
_2rdacarrier _aWolumin _bnc |
||
| 380 | _aKsiążki | ||
| 388 | _a1901-2000 | ||
| 388 | _a1989-2000 | ||
| 650 | 7 | _aNieruchomości | |
| 650 | 7 | _aWycena | |
| 658 | _aGospodarka, ekonomia, finanse | ||
| 856 |
_uhttp://koha.tu.koszalin.pl/cgi-bin/koha/opac-detail.pl?biblionumber=6052 _yKatalog online BPK |
||
| 942 |
_cKS _2UKD |
||
| 999 |
_c6052 _d6052 |
||